तुमSाी रास व तुमSो भाग्य (Record no. 324484)

MARC details
000 -LEADER
fixed length control field 00579nam a2200169Ia 4500
008 - FIXED-LENGTH DATA ELEMENTS--GENERAL INFORMATION
fixed length control field 090711s9999 xx 000 0 und d
082 ## - DEWEY DECIMAL CLASSIFICATION NUMBER
Item number 987
100 ## - MAIN ENTRY--PERSONAL NAME
Personal name जोशी स. म.
245 ## - TITLE STATEMENT
Title तुमSाी रास व तुमSो भाग्य
260 ## - PUBLICATION, DISTRIBUTION, ETC. (IMPRINT)
Name of publisher, distributor, etc राजेश प्रकाशन
Date of publication, distribution, etc 1995
300 ## - PHYSICAL DESCRIPTION
Extent 156
600 ## - SUBJECT ADDED ENTRY--PERSONAL NAME
Personal name जोशी स. म.
630 ## - SUBJECT ADDED ENTRY--UNIFORM TITLE
Uniform title तुमSाी रास व तुमSो भाग्य
700 ## - ADDED ENTRY--PERSONAL NAME
Personal name जोशी स. म.
730 ## - ADDED ENTRY--UNIFORM TITLE
Uniform title तुमSाी रास व तुमSो भाग्य
942 ## - ADDED ENTRY ELEMENTS (KOHA)
Koha item type Book

No items available.